Last orders? (Record no. 75672)

MARC details
000 -LEADER
fixed length control field 00790cab a2200181 4500
001 - CONTROL NUMBER
control field L130520
008 - FIXED-LENGTH DATA ELEMENTS--GENERAL INFORMATION
fixed length control field 050808n2005 000 0 eng u
035 ## - SYSTEM CONTROL NUMBER
System control number (Sirsi) u130520
041 ## - LANGUAGE CODE
Language code of text/sound track or separate title eng
100 ## - MAIN ENTRY--PERSONAL NAME
Personal name Towler, Andrew
245 ## - TITLE STATEMENT
Title Last orders?
260 ## - PUBLICATION, DISTRIBUTION, ETC.
Date of publication, distribution, etc. 2005
490 ## - SERIES STATEMENT
Series statement Solicitors' Journal
Volume/sequential designation 149(30) 29 July 2005, 903-904(2)
520 ## - SUMMARY, ETC.
Summary, etc. Looks at compliance with the new Licensing Act 2003 and the fact that a large proportion of establishments seem to have failed to renew their licenses by the August deadline. Discusses the implications this will have for the business owners and the legal profession.
590 ## - LOCAL NOTE (RLIN)
Local note IKA160805
690 ## - LOCAL SUBJECT ADDED ENTRY--TOPICAL TERM (OCLC, RLIN)
Topical term or geographic name as entry element PROPERTY-COMMERCIAL PROPERTY-LEISURE PROPERTY-REFRESHMENT AND CULINARY PROPERTY-LICENSED PROPERTY-LICENSED PREMISES
942 ## - ADDED ENTRY ELEMENTS (KOHA)
Suppress in OPAC 0
Holdings
Withdrawn status Lost status Source of classification or shelving scheme Damaged status Not for loan Home library Current library Shelving location Date acquired Total Checkouts Full call number Barcode Date last seen Copy number Price effective from Koha item type
    Dewey Decimal Classification     London London Journal article 08/08/2005   L130520 130520-1001 06/08/2019 1 06/08/2019 Journal article